Sports Quiz

Random Sports or Clickable Quiz

Click a 500 Home Run Club Member Quiz Stats

 Plays Quiz Updated May 26, 2020

Support Sporcle.
Go Orange.
Score 0/27 Timer 08:00
0 Plays Today
% Correct
Babe Ruth
94%
Alex Rodriguez
93.1%
Barry Bonds
91.9%
Albert Pujols
90.3%
David Ortiz
90.1%
Ken Griffey Jr.
89.9%
Mark McGwire
89.8%
Sammy Sosa
88.5%
Hank Aaron
88.4%
Manny Ramirez
88.3%
Willie Mays
87.2%
Frank Thomas
87%
Mike Schmidt
86.1%
Ted Williams
85.5%
% Correct
Jim Thome
85.1%
Reggie Jackson
84.6%
Mickey Mantle
84%
Rafael Palmeiro
82%
Gary Sheffield
81.5%
Ernie Banks
80.3%
Eddie Murray
78.5%
Willie McCovey
75.8%
Harmon Killebrew
69.8%
Mel Ott
65.5%
Jimmie Foxx
62.6%
Frank Robinson
60%
Eddie Mathews
58.7%

You're not logged in!

Compare scores with friends on all Sporcle quizzes.
OR
Log In

From the Vault

Movie Franchise Character Sorting VIII

by WalshyMusic

Just don't sort them into a jar of dirt. Sounds unpleasant.
Remove Ads.
Support Sporcle.
Get the best of Sporcle when you Go Orange. This ad-free experience offers more features, more stats, and more fun while also helping to support Sporcle. Thank you for becoming a member.

Show Comments

Extras

Top Quizzes Today


Score Distribution

Your Account Isn't Verified!

In order to create a playlist on Sporcle, you need to verify the email address you used during registration. Go to your Sporcle Settings to finish the process.

Report this User

Report this user for behavior that violates our Community Guidelines.

Details: